000 00459nam a2200181Ia 4500
001 24165
005 20260414151025.0
008 260414t1993||||xx |||||||||||||| ||spa||
041 _aESP
082 _a791.43
_bM84
100 _aMonegal, Antonio
_eAUT
245 0 _aLuis Buñuel de la literatura al cine :
_buna poética del objeto
260 _c1993
300 _a255 páginas :
_c20 cm.
650 _aABD
654 _aCAU
942 _cLIB
_dJUS
_fJUS
_2ddc
_n
999 _c24165
_d24165